000 01168cam a22003857a 4500
003 CHAP
005 20220817043918.0
008 031010d2003 it a r 00110 spa d
010 _a87806
011 _a88778
020 _a9252049118
035 _a99323
040 _cCHAP
090 _aFolleto 16685f
110 0 0 _aFAO
245 1 0 _aDéverrouiller le potentiel de l'eau en agriculture
_c/par FAO
260 _aRome :
_bFAO,
_c2003.
300 _a64 p. :
_bilus.
590 _aBATCH-UPD
_b10
_c20130110
_lUCH01
_h0256
590 _aBATCH-UPD
_b10
_c20130110
_lUCH01
_h1400
590 _aBATCH-UPD
_b10
_c20130409
_lUCH01
_h2327
590 _aBATCH-UPD
_b10
_c20130410
_lUCH01
_h1402
590 _aBATCH-UPD
_b10
_c20141001
_lUCH01
_h1312
590 _aCONVERSION
_b10
_c20130109
_lUCH01
_h1349
650 1 4 _aAgua para irrigacion.
_92430
650 1 4 _aAgua
_xAprovechamiento.
_92282
650 1 4 _aAgua
_xUtilización.
_92401
650 1 4 _aCultivos de secano.
_930373
650 1 4 _aRecursos hidraulicos.
650 1 4 _aRiesgos.
_997403
901 _aBK
905 _aAlejandra carrasco M.
942 _cFOLL
949 _aFolleto 16685
_bBC
_cFOLL
_d993231
_eTS1
_i99323
_sb
999 _c87806
_d87806